Tribhuvan University Central Library

Reading in the methods of education (Record no. 58293)

MARC details
000 -LEADER
fixed length control field 00526 a2200205 4500
041 ## - LANGUAGE CODE
Language code of text/sound track or separate title Eng
082 ## - DEWEY DECIMAL CLASSIFICATION NUMBER
Classification number 371.3
Item number St32r
100 ## - MAIN ENTRY--PERSONAL NAME
Personal name Steeves, Frank L.
9 (RLIN) 18165
245 ## - TITLE STATEMENT
Title Reading in the methods of education
260 ## - PUBLICATION, DISTRIBUTION, ETC.
Place of publication, distribution, etc. New York
Name of publisher, distributor, etc. Odyssey Press
Date of publication, distribution, etc. c1964
300 ## - PHYSICAL DESCRIPTION
Extent xiii, 337p. illus.
504 ## - BIBLIOGRAPHY, ETC. NOTE
Bibliography, etc. note Includes bibliographies
650 ## - SUBJECT ADDED ENTRY--TOPICAL TERM
Topical term or geographic name entry element Teaching methods
9 (RLIN) 4876
650 ## - SUBJECT ADDED ENTRY--TOPICAL TERM
Topical term or geographic name entry element Education
650 ## - SUBJECT ADDED ENTRY--TOPICAL TERM
Topical term or geographic name entry element Classrooms
9 (RLIN) 17382
653 ## - INDEX TERM--UNCONTROLLED
Uncontrolled term Education-methodology
942 ## - ADDED ENTRY ELEMENTS (KOHA)
Source of classification or shelving scheme Dewey Decimal Classification
Koha item type General Collections
518 ## - DATE/TIME AND PLACE OF AN EVENT NOTE
-- 2011-02-17
530 ## - ADDITIONAL PHYSICAL FORM AVAILABLE NOTE
-- M
Holdings
Withdrawn status Lost status Source of classification or shelving scheme Damaged status Not for loan Home library Current library Date acquired Total Checkouts Full call number Barcode Date last seen Date last checked out Copy number Price effective from Koha item type
    Dewey Decimal Classification     Tribhuvan University Central Library Tribhuvan University Central Library 02/17/2011 1 371.3 St32r G15312 04/03/2015 03/26/2015 1 02/17/2011 General Collections